000 00466nam a2200181Ia 4500
008 230612s9999 xx 000 0 und d
041 _aeng
082 _a600 WAH
100 _aWahegaonkar L D
245 _aText Book Of Applied Science I
260 _c1991
_bNirali Prakashan
300 _a210
365 _cRs.
_b65.00
500 _aW. 2003-04
700 _aWahegaonkar L. D. & Others
906 _dB:69725-Oct-1991
_cALLEDS
_b13
999 _c164549
_d164549